[Event "Stay Safe Play From Home 375"]
[Site "Emanuel Lasker Arena"]
[Date "2020.08.11"]
[Round "6"]
[White "Milos M"]
[Black "Padmaesh M K"]
[Result "0-1"]
[WhiteElo "1332"]
[BlackElo "1802"]
[Annotator "NA"]
[PlyCount "44"]
[EventDate "2020.08.11"]
[EventType "swiss (blitz)"]

1. d4 {[%emt 0:00:03]} Nf6 {[%emt 0:00:02]} 2. e3 {[%emt 0:00:01]} c5 {[%emt 0:00:01]} 3. c4 {[%emt 0:00:03]} cxd4 {[%emt 0:00:01]} 4. Qxd4 {[%emt 0:00:05]} d6 {[%emt 0:00:00]} 5. Nc3 {[%emt 0:00:02]} Nbd7 {[%emt 0:00:04]} 6. Nf3 {[%emt 0:00:04]} g6 {[%emt 0:00:01]} 7. b3 {[%emt 0:00:03]} Bg7 {[%emt 0:00:01]} 8. Bb2 {[%emt 0:00:01]} O-O {[%emt 0:00:01]} 9. Bd3 {[%emt 0:00:02]} Nc5 {[%emt 0:00:01]} 10. b4 {[%emt 0:00:06]} Nfe4 {[%emt 0:00:10]} 11. Qd5 {[%emt 0:00:09]} Be6 {[%emt 0:00:05]} 12. Qxe6 {[%emt 0:00:17]} fxe6 {[%emt 0:00:04]} 13. bxc5 {[%emt 0:00:02]} Bxc3+ {[%emt 0:00:08]} 14. Bxc3 {[%emt 0:00:04]} Nxc3 {[%emt 0:00:00]} 15. cxd6 {[%emt 0:00:04]} exd6 {[%emt 0:00:03]} 16. O-O {[%emt 0:00:05]} Na4 {[%emt 0:00:03]} 17. a3 {[%emt 0:00:09]} Nc5 {[%emt 0:00:01]} 18. Bc2 {[%emt 0:00:03]} e5 {[%emt 0:00:01]} 19. e4 {[%emt 0:00:04]} Rf4 {[%emt 0:00:05]} 20. Rfe1 {[%emt 0:00:04]} Qf6 {[%emt 0:00:02]} 21. g3 {[%emt 0:00:02]} Rxf3 {[%emt 0:00:12]} 22. Rf1 {[%emt 0:00:05]} Rf8 {[%emt 0:00:02] Milos M resigns Milos M resigns Milos M resigns Milos M resigns Milos M resigns} 0-1

[Event "Stay Safe Play From Home 375"]
[Site "Emanuel Lasker Arena"]
[Date "2020.08.11"]
[Round "7"]
[White "Lazieri3"]
[Black "Kongle"]
[Result "1-0"]
[WhiteElo "2017"]
[BlackElo "1741"]
[PlyCount "135"]
[EventDate "2020.08.11"]
[EventType "swiss (blitz)"]

1. e4 {[%emt 0:00:03]} d5 {[%emt 0:00:02]} 2. exd5 {[%emt 0:00:04]} Qxd5 {[%emt 0:00:01]} 3. Nc3 {[%emt 0:00:00]} Qd6 {[%emt 0:00:01]} 4. Nf3 {[%emt 0:00:09]} Bg4 {[%emt 0:00:01]} 5. Be2 {[%emt 0:00:01]} Nf6 {[%emt 0:00:01]} 6. d3 {[%emt 0:00:02]} e6 {[%emt 0:00:01]} 7. h3 {[%emt 0:00:01]} Bh5 {[%emt 0:00:02]} 8. O-O {[%emt 0:00:01]} c6 {[%emt 0:00:01]} 9. Bf4 {[%emt 0:00:01]} Qxf4 {[%emt 0:00:04]} 10. a3 {[%emt 0:00:05]} Bd6 {[%emt 0:00:11]} 11. g3 {[%emt 0:00:07]} Qh6 {[%emt 0:00:05]} 12. Kg2 {[%emt 0:00:06]} O-O {[%emt 0:00:10]} 13. g4 {[%emt 0:00:07]} Bxg4 {[%emt 0:00:12]} 14. hxg4 {[%emt 0:00:03]} Nxg4 {[%emt 0:00:02]} 15. Rh1 {[%emt 0:00:05]} Qf6 {[%emt 0:00:12]} 16. Ne4 {[%emt 0:00:07]} Qf4 {[%emt 0:00:10]} 17. Nxd6 {[%emt 0:00:50]} Qxd6 {[%emt 0:00:03]} 18. d4 {[%emt 0:00:03]} h6 {[%emt 0:00:05]} 19. c3 {[%emt 0:00:09]} Nd7 {[%emt 0:00:01] Lazieri3 offers a draw Lazieri3 offers a draw Lazieri3 offers a draw Lazieri3 offers a draw Lazieri3 offers a draw} 20. Qd2 {[%emt 0:00:40]} Ndf6 {[%emt 0:00:09]} 21. Bd3 {[%emt 0:00:06]} Nd5 {[%emt 0:00:07]} 22. Bc2 {[%emt 0:00:21]} Nf4+ {[%emt 0:00:03]} 23. Kf1 {[%emt 0:00:05]} f5 {[%emt 0:00:11]} 24. Re1 {[%emt 0:00:02]} Rf6 {[%emt 0:00:04]} 25. Ne5 {[%emt 0:00:07]} Nxe5 {[%emt 0:00:06]} 26. Rxe5 {[%emt 0:00:03]} Nd5 {[%emt 0:00:08]} 27. Ke1 {[%emt 0:00:03]} Rd8 {[%emt 0:00:04]} 28. Kd1 {[%emt 0:00:05]} Rg6 {[%emt 0:00:10]} 29. Rhe1 {[%emt 0:00:05]} c5 {[%emt 0:00:06]} 30. dxc5 {[%emt 0:00:02]} Qxc5 {[%emt 0:00:04]} 31. Kc1 {[%emt 0:00:06]} Rd6 {[%emt 0:00:09]} 32. Bb3 {[%emt 0:00:08]} Qb5 {[%emt 0:00:11]} 33. Bxd5 {[%emt 0:00:06]} Rxd5 {[%emt 0:00:03]} 34. Rxd5 {[%emt 0:00:03]} exd5 {[%emt 0:00:01]} 35. Qe3 {[%emt 0:00:02] Lazieri3 offers a draw Lazieri3 offers a draw Lazieri3 offers a draw Lazieri3 offers a draw Lazieri3 offers a draw} Rb6 {[%emt 0:00:16]} 36. Qe8+ {[%emt 0:00:02]} Qxe8 {[%emt 0:00:02]} 37. Rxe8+ {[%emt 0:00:00]} Kf7 {[%emt 0:00:01]} 38. Rd8 {[%emt 0:00:01]} Ke6 {[%emt 0:00:03]} 39. Rg8 {[%emt 0:00:02]} Kf7 {[%emt 0:00:01]} 40. Rd8 {[%emt 0:00:01]} a5 {[%emt 0:00:01]} 41. Rxd5 {[%emt 0:00:01]} a4 {[%emt 0:00:01]} 42. Rxf5+ {[%emt 0:00:01]} Kg6 {[%emt 0:00:02]} 43. Rf3 {[%emt 0:00:01] Lazieri3 offers a draw Lazieri3 offers a draw Lazieri3 offers a draw Lazieri3 offers a draw Lazieri3 offers a draw} h5 {[%emt 0:00:02]} 44. Rf4 {[%emt 0:00:04]} Ra6 {[%emt 0:00:04]} 45. Kd2 {[%emt 0:00:04]} Kg5 {[%emt 0:00:03]} 46. Rb4 {[%emt 0:00:03]} b6 {[%emt 0:00:07]} 47. Ke3 {[%emt 0:00:01]} h4 {[%emt 0:00:03]} 48. Kf3 {[%emt 0:00:01]} Kh5 {[%emt 0:00:04]} 49. Kg2 {[%emt 0:00:02]} g5 {[%emt 0:00:01]} 50. f3 {[%emt 0:00:01]} b5 {[%emt 0:00:06]} 51. Rxb5 {[%emt 0:00:01]} Rd6 {[%emt 0:00:01]} 52. f4 {[%emt 0:00:02]} Rd2+ {[%emt 0:00:03]} 53. Kf3 {[%emt 0:00:07]} Rd3+ {[%emt 0:00:05]} 54. Ke4 {[%emt 0:00:01]} Rg3 {[%emt 0:00:03]} 55. Rxg5+ {[%emt 0:00:01]} Rxg5 {[%emt 0:00:01]} 56. fxg5 {[%emt 0:00:00]} Kxg5 {[%emt 0:00:01]} 57. Kf3 {[%emt 0:00:01]} Kh5 {[%emt 0:00:07]} 58. Kf4 {[%emt 0:00:02]} h3 {[%emt 0:00:04]} 59. Kg3 {[%emt 0:00:01]} h2 {[%emt 0:00:00]} 60. Kxh2 {[%emt 0:00:01]} Kg4 {[%emt 0:00:01]} 61. Kg2 {[%emt 0:00:00]} Kf4 {[%emt 0:00:01]} 62. Kf2 {[%emt 0:00:00]} Ke4 {[%emt 0:00:01]} 63. Ke2 {[%emt 0:00:01]} Kd5 {[%emt 0:00:03]} 64. Kd3 {[%emt 0:00:01]} Kc5 {[%emt 0:00:01]} 65. c4 {[%emt 0:00:00]} Kc6 {[%emt 0:00:03]} 66. Kd4 {[%emt 0:00:01]} Kd6 {[%emt 0:00:01]} 67. c5+ {[%emt 0:00:01]} Kc6 {[%emt 0:00:01]} 68. Kc4 {[%emt 0:00:00] Kongle resigns Kongle resigns Kongle resigns Kongle resigns Kongle resigns (Lag: Av=0.63s, max=1.1s) (Lag: Av=0.63s, max=1.1s) (Lag: Av=0.63s, max=1.1s) (Lag: Av=0.63s, max=1.1s) (Lag: Av=0.63s, max=1.1s)} 1-0

[Event "Stay Safe Play From Home 375"]
[Site "Emanuel Lasker Arena"]
[Date "2020.08.11"]
[Round "7"]
[White "Dukic"]
[Black "Timbre"]
[Result "1-0"]
[WhiteElo "1991"]
[BlackElo "1625"]
[Annotator "NA"]
[PlyCount "50"]
[EventDate "2020.08.11"]
[EventType "swiss (blitz)"]

1. d4 {[%emt 0:00:03]} d5 {[%emt 0:00:02]} 2. c4 {[%emt 0:00:02]} c6 {[%emt 0:00:01]} 3. Nc3 {[%emt 0:00:01]} Nf6 {[%emt 0:00:01]} 4. Nf3 {[%emt 0:00:02]} e6 {[%emt 0:00:03]} 5. e3 {[%emt 0:00:02]} Bd6 {[%emt 0:00:02]} 6. Bd3 {[%emt 0:00:01]} Nbd7 {[%emt 0:00:01]} 7. O-O {[%emt 0:00:01]} Qe7 {[%emt 0:00:01]} 8. Re1 {[%emt 0:00:03]} e5 {[%emt 0:00:01]} 9. e4 {[%emt 0:00:01]} O-O {[%emt 0:00:03]} 10. exd5 {[%emt 0:00:01]} cxd5 {[%emt 0:00:02]} 11. dxe5 {[%emt 0:00:01]} Nxe5 {[%emt 0:00:03]} 12. Nxe5 {[%emt 0:00:02]} Bxe5 {[%emt 0:00:04]} 13. f4 {[%emt 0:00:21]} dxc4 {[%emt 0:00:07]} 14. fxe5 {[%emt 0:00:08]} Qc5+ {[%emt 0:00:04]} 15. Be3 {[%emt 0:00:13]} Qxe5 {[%emt 0:00:05]} 16. Bxc4 {[%emt 0:00:03]} Bg4 {[%emt 0:00:10]} 17. Bd4 {[%emt 0:00:22]} Qg5 {[%emt 0:00:19]} 18. Qc2 {[%emt 0:00:09]} Rad8 {[%emt 0:00:08]} 19. Qf2 {[%emt 0:00:09]} Nd7 {[%emt 0:00:23]} 20. Qg3 {[%emt 0:00:18]} Qg6 {[%emt 0:00:08]} 21. Bd3 {[%emt 0:00:14]} Bf5 {[%emt 0:00:02]} 22. Qxg6 {[%emt 0:00:03]} Bxg6 {[%emt 0:00:03]} 23. Bxg6 {[%emt 0:00:02]} hxg6 {[%emt 0:00:01]} 24. Re7 {[%emt 0:00:02]} Nb6 {[%emt 0:00:12]} 25. Bxb6 {[%emt 0:00:20]} axb6 {[%emt 0:00:02] Timbre resigns Timbre resigns Timbre resigns Timbre resigns Timbre resigns (Lag: Av=0.43s, max=0.9s) (Lag: Av=0.43s, max=0.9s) (Lag: Av=0.43s, max=0.9s) (Lag: Av=0.43s, max=0.9s) (Lag: Av=0.43s, max=0.9s)} 1-0

[Event "Stay Safe Play From Home 375"]
[Site "Emanuel Lasker Arena"]
[Date "2020.08.11"]
[Round "7"]
[White "Imadns"]
[Black "Milos M"]
[Result "1-0"]
[WhiteElo "1969"]
[BlackElo "1330"]
[PlyCount "51"]
[EventDate "2020.08.11"]
[EventType "swiss (blitz)"]

1. e4 {[%emt 0:00:08]} e6 {[%emt 0:00:01]} 2. d4 {[%emt 0:00:03]} d5 {[%emt 0:00:01]} 3. e5 {[%emt 0:00:02]} c5 {[%emt 0:00:01]} 4. c3 {[%emt 0:00:02]} Nc6 {[%emt 0:00:01]} 5. Nf3 {[%emt 0:00:21]} h6 {[%emt 0:00:03]} 6. Bd3 {[%emt 0:00:04]} Qb6 {[%emt 0:00:04]} 7. dxc5 {[%emt 0:00:04]} Bxc5 {[%emt 0:00:02]} 8. O-O {[%emt 0:00:05]} Nge7 {[%emt 0:00:05]} 9. b4 {[%emt 0:00:05]} Nxb4 {[%emt 0:00:08]} 10. cxb4 {[%emt 0:00:11]} Bxb4 {[%emt 0:00:03]} 11. Na3 {[%emt 0:00:03]} O-O {[%emt 0:00:07]} 12. Rb1 {[%emt 0:00:04]} a5 {[%emt 0:00:03]} 13. Nc2 {[%emt 0:00:05]} Nc6 {[%emt 0:00:05]} 14. a3 {[%emt 0:00:06]} Qc5 {[%emt 0:00:08]} 15. axb4 {[%emt 0:00:04]} axb4 {[%emt 0:00:02]} 16. Bd2 {[%emt 0:00:02]} b3 {[%emt 0:00:08]} 17. Rxb3 {[%emt 0:00:04]} Qe7 {[%emt 0:00:06]} 18. Ncd4 {[%emt 0:00:04]} Nxd4 {[%emt 0:00:02]} 19. Nxd4 {[%emt 0:00:06]} Qc5 {[%emt 0:00:07]} 20. Bb4 {[%emt 0:00:05]} Qxd4 {[%emt 0:00:10]} 21. Bh7+ {[%emt 0:00:06]} Kxh7 {[%emt 0:00:07]} 22. Qxd4 {[%emt 0:00:00]} Re8 {[%emt 0:00:06]} 23. Qf4 {[%emt 0:00:03]} Kg8 {[%emt 0:00:04]} 24. Rg3 {[%emt 0:00:07]} Bd7 {[%emt 0:00:06]} 25. Qxh6 {[%emt 0:00:05]} g6 {[%emt 0:00:09]} 26. Rh3 {[%emt 0:00:04] Milos M resigns Milos M resigns Milos M resigns Milos M resigns Milos M resigns} 1-0

[Event "Stay Safe Play From Home 375"]
[Site "Emanuel Lasker Arena"]
[Date "2020.08.11"]
[Round "7"]
[White "Padmaesh M K"]
[Black "Ionelluca"]
[Result "0-1"]
[WhiteElo "1804"]
[BlackElo "2064"]
[PlyCount "160"]
[EventDate "2020.08.11"]
[EventType "swiss (blitz)"]

1. e4 {[%emt 0:00:05]} d6 {[%emt 0:00:03]} 2. Nf3 {[%emt 0:00:03]} Nf6 {[%emt 0:00:01]} 3. Nc3 {[%emt 0:00:03]} c6 {[%emt 0:00:01]} 4. d4 {[%emt 0:00:02]} Nbd7 {[%emt 0:00:01]} 5. Bd3 {[%emt 0:00:02]} e5 {[%emt 0:00:01]} 6. O-O {[%emt 0:00:02]} Be7 {[%emt 0:00:01]} 7. Bg5 {[%emt 0:00:08]} Qc7 {[%emt 0:00:01]} 8. Re1 {[%emt 0:00:02]} Nf8 {[%emt 0:00:01]} 9. d5 {[%emt 0:00:01]} Ng6 {[%emt 0:00:01]} 10. Nh4 {[%emt 0:00:04]} Nxh4 {[%emt 0:00:04]} 11. Bxh4 {[%emt 0:00:02]} O-O {[%emt 0:00:11]} 12. Qd2 {[%emt 0:00:05]} Nxd5 {[%emt 0:00:03]} 13. Nxd5 {[%emt 0:00:14]} cxd5 {[%emt 0:00:01]} 14. Bxe7 {[%emt 0:00:01]} Qxe7 {[%emt 0:00:01]} 15. exd5 {[%emt 0:00:00]} f5 {[%emt 0:00:01]} 16. f3 {[%emt 0:00:03]} Qc7 {[%emt 0:00:22]} 17. c4 {[%emt 0:00:06]} Bd7 {[%emt 0:00:01]} 18. b4 {[%emt 0:00:07]} Rae8 {[%emt 0:00:02]} 19. a3 {[%emt 0:00:04]} b5 {[%emt 0:00:01]} 20. Rac1 {[%emt 0:00:03]} bxc4 {[%emt 0:00:19]} 21. Rxc4 {[%emt 0:00:05]} Qb6+ {[%emt 0:00:06]} 22. Qf2 {[%emt 0:00:04]} Bb5 {[%emt 0:00:03]} 23. Qxb6 {[%emt 0:00:04]} axb6 {[%emt 0:00:01]} 24. Rc3 {[%emt 0:00:01]} Bxd3 {[%emt 0:00:05]} 25. Rxd3 {[%emt 0:00:00]} Rc8 {[%emt 0:00:01]} 26. Kf2 {[%emt 0:00:04]} Rc4 {[%emt 0:00:07]} 27. Re2 {[%emt 0:00:11] Ionelluca reconnected. Ionelluca reconnected. Ionelluca reconnected. Ionelluca reconnected. Ionelluca reconnected.} g6 {[%emt 0:00:40]} 28. Rdd2 {[%emt 0:00:04]} Rfc8 {[%emt 0:00:01]} 29. g3 {[%emt 0:00:06]} Kf7 {[%emt 0:00:03]} 30. Ke3 {[%emt 0:00:05]} Kf6 {[%emt 0:00:03]} 31. Rd3 {[%emt 0:00:05]} Rc1 {[%emt 0:00:05]} 32. Red2 {[%emt 0:00:05]} Ra8 {[%emt 0:00:08]} 33. Rb2 {[%emt 0:00:08]} Ra1 {[%emt 0:00:05]} 34. Rbb3 {[%emt 0:00:06]} Rc8 {[%emt 0:00:01]} 35. Rbc3 {[%emt 0:00:01]} Rxc3 {[%emt 0:00:12]} 36. Rxc3 {[%emt 0:00:00]} g5 {[%emt 0:00:07]} 37. Rc6 {[%emt 0:00:18]} Rxa3+ {[%emt 0:00:03]} 38. Kf2 {[%emt 0:00:01]} e4 {[%emt 0:00:02]} 39. fxe4 {[%emt 0:00:03]} Ke5 {[%emt 0:00:05]} 40. exf5 {[%emt 0:00:04]} Kxd5 {[%emt 0:00:01]} 41. Rxb6 {[%emt 0:00:01]} g4 {[%emt 0:00:01]} 42. Rb7 {[%emt 0:00:06]} Rf3+ {[%emt 0:00:02]} 43. Kg2 {[%emt 0:00:01]} Rxf5 {[%emt 0:00:09]} 44. Rxh7 {[%emt 0:00:15]} Kc4 {[%emt 0:00:01]} 45. Rh6 {[%emt 0:00:01]} Rd5 {[%emt 0:00:03]} 46. Rg6 {[%emt 0:00:02]} Rd2+ {[%emt 0:00:06]} 47. Kf1 {[%emt 0:00:03]} Rd4 {[%emt 0:00:01]} 48. Ke2 {[%emt 0:00:14]} Re4+ {[%emt 0:00:05]} 49. Kd2 {[%emt 0:00:02]} Rd4+ {[%emt 0:00:04]} 50. Ke3 {[%emt 0:00:01]} Rd3+ {[%emt 0:00:04]} 51. Ke4 {[%emt 0:00:01]} d5+ {[%emt 0:00:03]} 52. Ke5 {[%emt 0:00:07]} Rd4 {[%emt 0:00:15]} 53. Rb6 {[%emt 0:00:02]} Re4+ {[%emt 0:00:02]} 54. Kf5 {[%emt 0:00:02]} Re8 {[%emt 0:00:01]} 55. Kxg4 {[%emt 0:00:04]} d4 {[%emt 0:00:01]} 56. Rd6 {[%emt 0:00:02]} d3 {[%emt 0:00:03]} 57. h4 {[%emt 0:00:04]} Re4+ {[%emt 0:00:03]} 58. Kf3 {[%emt 0:00:02]} Rd4 {[%emt 0:00:04]} 59. Rc6+ {[%emt 0:00:07]} Kxb4 {[%emt 0:00:01]} 60. Rc1 {[%emt 0:00:02]} d2 {[%emt 0:00:03]} 61. Rd1 {[%emt 0:00:02]} Kc3 {[%emt 0:00:01]} 62. Ke2 {[%emt 0:00:05]} Rd8 {[%emt 0:00:03]} 63. Rxd2 {[%emt 0:00:15]} Rxd2+ {[%emt 0:00:01]} 64. Kf3 {[%emt 0:00:00]} Kd4 {[%emt 0:00:01]} 65. Kf4 {[%emt 0:00:02]} Rf2+ {[%emt 0:00:02]} 66. Kg5 {[%emt 0:00:01]} Ke5 {[%emt 0:00:01]} 67. h5 {[%emt 0:00:01]} Ke6 {[%emt 0:00:06]} 68. g4 {[%emt 0:00:01]} Kf7 {[%emt 0:00:01]} 69. Kh6 {[%emt 0:00:01]} Rf6+ {[%emt 0:00:08]} 70. Kh7 {[%emt 0:00:03]} Rf1 {[%emt 0:00:07]} 71. g5 {[%emt 0:00:02]} Rh1 {[%emt 0:00:04]} 72. g6+ {[%emt 0:00:02]} Kf6 {[%emt 0:00:01]} 73. Kh6 {[%emt 0:00:01]} Rh2 {[%emt 0:00:04]} 74. g7 {[%emt 0:00:02]} Kf7 {[%emt 0:00:01]} 75. Kg5 {[%emt 0:00:04]} Kxg7 {[%emt 0:00:03]} 76. h6+ {[%emt 0:00:00]} Rxh6 {[%emt 0:00:02]} 77. Kf5 {[%emt 0:00:00]} Rh1 {[%emt 0:00:01]} 78. Ke5 {[%emt 0:00:00]} Rf1 {[%emt 0:00:01]} 79. Kd4 {[%emt 0:00:00]} Re1 {[%emt 0:00:01]} 80. Kd3 {[%emt 0:00:02] Padmaesh M K resigns Padmaesh M K resigns Padmaesh M K resigns Padmaesh M K resigns Padmaesh M K resigns} Re5 {[%emt 0:00:01]} 0-1

[Event "Stay Safe Play From Home 375"]
[Site "Emanuel Lasker Arena"]
[Date "2020.08.11"]
[Round "7"]
[White "Roefe Detlef"]
[Black "W Nelles"]
[Result "1-0"]
[WhiteElo "1717"]
[BlackElo "1401"]
[Annotator "NA"]
[PlyCount "91"]
[EventDate "2020.08.11"]
[EventType "swiss (blitz)"]

1. e4 {[%emt 0:00:02]} e5 {[%emt 0:00:01]} 2. Nf3 {[%emt 0:00:01]} Nc6 {[%emt 0:00:01]} 3. Bb5 {[%emt 0:00:01]} d6 {[%emt 0:00:02]} 4. O-O {[%emt 0:00:03]} Bg4 {[%emt 0:00:02]} 5. h3 {[%emt 0:00:02]} Bxf3 {[%emt 0:00:02]} 6. Qxf3 {[%emt 0:00:01]} Qf6 {[%emt 0:00:01]} 7. Qg3 {[%emt 0:00:13]} Nge7 {[%emt 0:00:02]} 8. Nc3 {[%emt 0:00:02]} a6 {[%emt 0:00:02]} 9. Bxc6+ {[%emt 0:00:01]} bxc6 {[%emt 0:00:03]} 10. d3 {[%emt 0:00:02]} Ng6 {[%emt 0:00:03]} 11. Bg5 {[%emt 0:00:05]} Qe6 {[%emt 0:00:08]} 12. a4 {[%emt 0:00:02]} Be7 {[%emt 0:00:04]} 13. Be3 {[%emt 0:00:03]} O-O {[%emt 0:00:04]} 14. Rad1 {[%emt 0:00:04]} d5 {[%emt 0:00:03]} 15. d4 {[%emt 0:00:02]} Bb4 {[%emt 0:00:11]} 16. exd5 {[%emt 0:00:04]} cxd5 {[%emt 0:00:02]} 17. dxe5 {[%emt 0:00:03]} Qxe5 {[%emt 0:00:06]} 18. Bd4 {[%emt 0:00:04]} Qxg3 {[%emt 0:00:01]} 19. fxg3 {[%emt 0:00:00]} c5 {[%emt 0:00:09]} 20. Bf2 {[%emt 0:00:06]} Rad8 {[%emt 0:00:10]} 21. Nxd5 {[%emt 0:00:02]} Kh8 {[%emt 0:00:07]} 22. c4 {[%emt 0:00:02]} Ne5 {[%emt 0:00:07]} 23. b3 {[%emt 0:00:03]} f6 {[%emt 0:00:07]} 24. Kh2 {[%emt 0:00:02]} h5 {[%emt 0:00:08]} 25. Be3 {[%emt 0:00:01]} Nc6 {[%emt 0:00:12]} 26. Bf4 {[%emt 0:00:13]} Nd4 {[%emt 0:00:19]} 27. Ne7 {[%emt 0:00:04]} Rf7 {[%emt 0:00:11]} 28. Ng6+ {[%emt 0:00:02]} Kg8 {[%emt 0:00:02]} 29. g4 {[%emt 0:00:20]} hxg4 {[%emt 0:00:04]} 30. hxg4 {[%emt 0:00:03]} Ne2 {[%emt 0:00:02]} 31. Rxd8+ {[%emt 0:00:04]} Kh7 {[%emt 0:00:05]} 32. Nf8+ {[%emt 0:00:01]} Rxf8 {[%emt 0:00:03]} 33. Rxf8 {[%emt 0:00:02]} Nxf4 {[%emt 0:00:01]} 34. Rxf4 {[%emt 0:00:01]} Bd2 {[%emt 0:00:01]} 35. Re4 {[%emt 0:00:03]} Kg6 {[%emt 0:00:03]} 36. Ra8 {[%emt 0:00:01]} Kg5 {[%emt 0:00:06]} 37. Kg3 {[%emt 0:00:02]} g6 {[%emt 0:00:03]} 38. Rxa6 {[%emt 0:00:03]} f5 {[%emt 0:00:02]} 39. Ree6 {[%emt 0:00:03]} Bf4+ {[%emt 0:00:04]} 40. Kf2 {[%emt 0:00:01]} Kxg4 {[%emt 0:00:03]} 41. Rxg6+ {[%emt 0:00:01]} Bg5 {[%emt 0:00:01]} 42. Rxg5+ {[%emt 0:00:07]} Kxg5 {[%emt 0:00:02]} 43. Rc6 {[%emt 0:00:01]} Kg4 {[%emt 0:00:04]} 44. Rxc5 {[%emt 0:00:01]} Kf4 {[%emt 0:00:01]} 45. Rxf5+ {[%emt 0:00:02]} Kxf5 {[%emt 0:00:01]} 46. Ke3 {[%emt 0:00:01] W Nelles gibt auf W Nelles gibt auf W Nelles gibt auf W Nelles gibt auf W Nelles gibt auf (Lag: Av=0.47s, max=1.0s) (Lag: Av=0.47s, max=1.0s) (Lag: Av=0.47s, max=1.0s) (Lag: Av=0.47s, max=1.0s) (Lag: Av=0.47s, max=1.0s)} 1-0